[Event "SUI-ch20 email"]
[Site "SUI email"]
[Date "2006.??.??"]
[Round "?"]
[White "Schneider, Hans"]
[Black "Zink, Daniel"]
[Result "1-0"]
[WhiteElo "2249"]
[BlackElo "2159"]
[PlyCount "100"]
[EventDate "2006.??.??"]
[EventType "tourn (corr)"]
[EventRounds "14"]
[EventCountry "SUI"]
[SourceTitle "Corr 2008"]
[Source "ChessBase"]
[SourceDate "2008.06.24"]
[SourceVersion "1"]
[SourceVersionDate "2008.06.24"]
[SourceQuality "1"]

1. e4 c5 2. Nf3 Nc6 3. d4 cxd4 4. Nxd4 Nf6 5. Nc3 e5 6. Ndb5 d6 7. Nd5 Nxd5 8. exd5 Nb8 9. Be3 a6 10. Nc3 Be7 11. Bd3 0-0 12. a4 f5 13. 0-0 Nd7 14. Bd2 Nc5 15. Be2 Qe8 16. a5 f4 17. Re1 Bf5 18. Bg4 Qf7 19. Rc1 Kh8 20. b4 Nd7 21. Bxf5 Qxf5 22. Ne4 Rac8 23. c4 Nf6 24. Qf3 Rf7 25. Nxf6 gxf6 26. Qe4 Qh5 27. Qe2 Qg5 28. Kh1 Rg7 29. g3 Qg6 30. Rg1 fxg3 31. Qf3 Qg4 32. Qxg3 Qxg3 33. Rxg3 f5 34. f4 Rxg3 35. hxg3 e4 36. Be3 Bd8 37. Bb6 Kg8 38. c5 dxc5 39. Rxc5 Ra8 40. Bc7 Bf6 41. Be5 Be7 42. d6 Bf8 43. Rd5 Kf7 44. d7 Be7 45. Bc7 Bd8 46. Rxf5+ Ke7 47. Re5+ Kxd7 48. Bxd8 Kxd8 49. Rh5 Kc7 50. Rxh7+ Kc6 1-0

[Event "SUI-ch20 email"]
[Site "SUI email"]
[Date "2006.??.??"]
[Round "?"]
[White "Zink, Daniel"]
[Black "Corbat, Philippe"]
[Result "1/2-1/2"]
[WhiteElo "2159"]
[BlackElo "2351"]
[PlyCount "84"]
[EventDate "2006.??.??"]
[EventType "tourn (corr)"]
[EventRounds "14"]
[EventCountry "SUI"]
[SourceTitle "Corr 2008"]
[Source "ChessBase"]
[SourceDate "2008.06.24"]
[SourceVersion "1"]
[SourceVersionDate "2008.06.24"]
[SourceQuality "1"]

1. e4 d5 2. exd5 Nf6 3. d4 Bg4 4. f3 Bf5 5. Bb5+ Nbd7 6. Nc3 a6 7. Ba4 b5 8. Bb3 Nb6 9. Nge2 Nbxd5 10. Nxd5 Nxd5 11. Ng3 Bc8 12. c3 e6 13. 0-0 Be7 14. a4 b4 15. Qd3 bxc3 16. bxc3 0-0 17. c4 Nb4 18. Qe3 c5 19. Bb2 Rb8 20. Rab1 Qc7 21. Rfd1 Nc6 22. dxc5 f5 23. Bc2 Nb4 24. Be5 Bxc5 25. Bxc7 Bxe3+ 26. Kh1 Rb7 27. Be5 Bc5 28. Bb3 Nc6 29. Bc3 e5 30. a5 Be6 31. Ba4 Rxb1 32. Rxb1 Bd4 33. Bxc6 Bxc3 34. Bd5 Bxd5 35. cxd5 g6 36. Ne2 Bxa5 37. Ra1 Bd2 38. Ra2 Bb4 39. Rxa6 Rd8 40. Rb6 Bd2 41. Rb5 h5 42. g3 Be3 1/2-1/2

[Event "SUI-ch20 email"]
[Site "SUI email"]
[Date "2006.??.??"]
[Round "?"]
[White "Zink, Daniel"]
[Black "Moser, Reto"]
[Result "1/2-1/2"]
[WhiteElo "2159"]
[BlackElo "2216"]
[PlyCount "71"]
[EventDate "2006.??.??"]
[EventType "tourn (corr)"]
[EventRounds "14"]
[EventCountry "SUI"]
[SourceTitle "Corr 2008"]
[Source "ChessBase"]
[SourceDate "2008.06.24"]
[SourceVersion "1"]
[SourceVersionDate "2008.06.24"]
[SourceQuality "1"]

1. e4 c5 2. Nf3 d6 3. d4 cxd4 4. Nxd4 Nf6 5. Nc3 a6 6. Bg5 e6 7. Bd3 Be7 8. Qf3 Nbd7 9. 0-0-0 Qc7 10. Rhe1 b5 11. Qg3 h6 12. Bd2 Nc5 13. Kb1 b4 14. Nce2 g6 15. Bxb4 Ncxe4 16. Bxe4 Nxe4 17. Qe3 Bb7 18. Nxe6 fxe6 19. f3 a5 20. Ba3 Rc8 21. fxe4 Qxc2+ 22. Ka1 Qxe4 23. Qh3 Bd5 24. Nc3 Qxg2 25. Qe3 Rxc3 26. Qxc3 0-0 27. Rg1 Qe4 28. Rde1 Qf5 29. Qc7 Rf7 30. Bxd6 Bh4 31. Qb8+ Kh7 32. Rc1 Bf6 33. Rgf1 Bf3 34. Qb3 Qg5 35. Rc7 Rxc7 36. Bxc7 1/2-1/2